000 00643nam a22002297a 4500
001 00028928
005 20260428185740.0
008 260428b ag ||||| |||| 00| 0 spa d
020 _a844138489
040 _aAR-CcCEOS
_bspa
_cAR-CcCEOS
041 _aspa
080 _a94:7(72)
090 _bDIC v.2
100 1 _aDickey, Thomas
_91142
245 _aLos reyes-dioses de México :
_bVolumen II /
_cThomas Dickey, Vance Muse y Henry Wiencek
264 _aBarcelona :
_bFolio,
_c1997.
300 _a176 p. ;
_c24x18 cm.
490 _vAtlas culturales del mundo
650 0 _ahistoria
_990
655 0 _aarte
_9138
942 _2udc
_cBK
_n0
999 _c28980
_d28980